000 00840nam a22001935i 4500
001 161952
003 ES-MaACL
005 20230906212406.0
008 041029q18791885xx |||| | ita d
040 _aCAM
_bspa
_cCAM
100 1 _aPerozzo, Luigi.
_9131037
245 1 0 _a[Nuove applicazini del calcolo delle probabilitá allo studio dei fenomeni statistici, e distribuzione dei matrimoni secondo l'età degli sposi] /
_c[memoria de Luigi Perozzo].
260 _a[S.l. :
_bs.n.,
_cs.a.]
300 _a9 p., 8 h. de lám ;
_c30 cm.
594 _aTítulo y autor tomado del principio del texto.
596 _aEl texto hace referencia a los años 1877 y 1878.
650 4 _aEstadística.
_912520
852 _aES-MaACL
_jT-787-F-19
_z-- Enc. hol.
_q-- Falto de la cub. original
_q-- Ejemplar falto de portada
_z-- Enc. en un vol. facticio
999 _c161952
_d161952